000 00309nam a22001337a 4500
008 170207b xxu||||| |||| 00| 0 eng d
020 _a9780130115492
041 _aeng
080 _a61
100 _a4
101 _aSHM
245 _aMATHERMATICAL CONCEPTION CLINICAL SCIENCE
_cSTEVEN TIGER
942 _2udc
_cBK
999 _c4847
_d4847